<?xml version="1.0" encoding="UTF-8"?>
<record
    xmlns:xsi="http://www.w3.org/2001/XMLSchema-instance"
    xsi:schemaLocation="http://www.loc.gov/MARC21/slim http://www.loc.gov/standards/marcxml/schema/MARC21slim.xsd"
    xmlns="http://www.loc.gov/MARC21/slim">

  <leader>01308nas a2200277 i 4500</leader>
  <controlfield tag="001">255427</controlfield>
  <controlfield tag="005">20260630161553.0</controlfield>
  <controlfield tag="007">ta</controlfield>
  <controlfield tag="008">890206e1989    dr mn|p|r||||||0| | spa d</controlfield>
  <datafield tag="040" ind1=" " ind2=" ">
    <subfield code="a">DO-SdBNP</subfield>
    <subfield code="b">spa</subfield>
    <subfield code="c">BNPHU</subfield>
    <subfield code="e">rda</subfield>
  </datafield>
  <datafield tag="041" ind1=" " ind2=" ">
    <subfield code="h">spa</subfield>
  </datafield>
  <datafield tag="245" ind1=" " ind2=" ">
    <subfield code="a">Tambor : </subfield>
    <subfield code="b">mensuario literario y de inter&#xE9;s general.</subfield>
  </datafield>
  <datafield tag="260" ind1=" " ind2=" ">
    <subfield code="b">&#xA0;</subfield>
  </datafield>
  <datafield tag="264" ind1=" " ind2=" ">
    <subfield code="a">Santo Domingo, Rep&#xFA;blica Dominicana : </subfield>
    <subfield code="b">Imprenta Industria del Sobre, </subfield>
    <subfield code="c">1989.</subfield>
  </datafield>
  <datafield tag="300" ind1=" " ind2=" ">
    <subfield code="a">volumen </subfield>
    <subfield code="b">ilustraciones, cuadros, fotograf&#xED;as, mapas ; </subfield>
    <subfield code="c">21.5 cm.</subfield>
  </datafield>
  <datafield tag="310" ind1=" " ind2=" ">
    <subfield code="a">Mensual.</subfield>
  </datafield>
  <datafield tag="336" ind1=" " ind2=" ">
    <subfield code="a">texto </subfield>
    <subfield code="b">txt </subfield>
    <subfield code="2">rdacontent </subfield>
  </datafield>
  <datafield tag="337" ind1=" " ind2=" ">
    <subfield code="a">sin mediaci&#xF3;n </subfield>
    <subfield code="b">n </subfield>
    <subfield code="2">rdamedia </subfield>
  </datafield>
  <datafield tag="338" ind1=" " ind2=" ">
    <subfield code="a">volumen </subfield>
    <subfield code="b">nc </subfield>
    <subfield code="2">rdacarrier</subfield>
  </datafield>
  <datafield tag="362" ind1=" " ind2=" ">
    <subfield code="a">A&#xF1;o 1. No. 1, enero 1989.</subfield>
  </datafield>
  <datafield tag="500" ind1=" " ind2=" ">
    <subfield code="a">Catalogaci&#xF3;n basada en el: A&#xF1;o 1. No. 1, enero 1989.</subfield>
  </datafield>
  <datafield tag="500" ind1=" " ind2=" ">
    <subfield code="a">Tambor en el primer n&#xFA;mero era mensuario literario y a partir del n&#xFA;mero 4 como revista literaria. </subfield>
  </datafield>
  <datafield tag="520" ind1=" " ind2=" ">
    <subfield code="a">Tambor: es una revista m&#xE1;s en la historia de la hemerograf&#xED;a nacional. Pretendemos, eso s&#xED;, que con la ayuda de Dios y de tods, su vida, la vida de Tambor como revista literaria y de inter&#xE9;s general, vaya m&#xE1;s all&#xE1; de lo que vayan las vidas de quienes, con la inquietud de pretendidos buenos dominicanos, hoy le insuflan alientos de vida.</subfield>
  </datafield>
  <datafield tag="650" ind1=" " ind2="7">
    <subfield code="a">Literatura</subfield>
    <subfield code="9">2834</subfield>
  </datafield>
  <datafield tag="942" ind1=" " ind2=" ">
    <subfield code="2">ddc</subfield>
    <subfield code="c">ISSUE</subfield>
  </datafield>
  <datafield tag="952" ind1=" " ind2=" ">
    <subfield code="0">0</subfield>
    <subfield code="1">0</subfield>
    <subfield code="2">ddc</subfield>
    <subfield code="4">0</subfield>
    <subfield code="5">6</subfield>
    <subfield code="7">0</subfield>
    <subfield code="8">SE</subfield>
    <subfield code="a">BNPHU</subfield>
    <subfield code="b">BNPHU</subfield>
    <subfield code="d">2026-06-30</subfield>
    <subfield code="h">A&#xF1;o 1. No. 1, enero 1989.</subfield>
    <subfield code="l">0</subfield>
    <subfield code="p">2026-5642</subfield>
    <subfield code="r">2026-06-30</subfield>
    <subfield code="t">e.1</subfield>
    <subfield code="w">2026-06-30</subfield>
    <subfield code="y">ISSUE</subfield>
    <subfield code="z">Disponible en Sala de Hemeroteca.</subfield>
  </datafield>
  <datafield tag="999" ind1=" " ind2=" ">
    <subfield code="c">60978</subfield>
    <subfield code="d">60978</subfield>
  </datafield>
</record>
